000 00614nam a2200229Ia 4500
001 3027
003 GE_BSU
008 181216s||||||||xx |||||||||||||| ||und||
020 _a5887700106
040 _cGE_BSU
080 _a330.1
100 _aЭдвин .Дж. Долан, Дейвид Е.Линдсей.
245 _aМакроэкономика
245 _cпод. общ ред. Б. Лисовика и др.
260 _aСПб
260 _bЛитер Плюс
260 _c1997
300 _a408 с. 20 см.
541 _h8 л. 85 т.
653 _aМакроэкономика
942 _cBK
999 _c37073
_d37073